000 02667nam a2200289 a 4500
001 991028664889706706
005 20250321175920.0
008 080117s1994 spc|||||| 000 f|spa
015 _aLL2008
_2bnc
020 _a8447306860
035 _a(ES-BaCBU).b32282047
040 _aES-BaBC
_bcat
_cES-BaBC
041 _aspa
050 _aPQ6666.E765
_bC58 1993
080 _a860-3"19"
100 _aPérez-Reverte, Arturo
_d1951-
_912219
_eauthor
245 1 3 _aEl club Dumas
_c/ Arturo Pérez-Reverte.
260 _aBarcelona :
_bRBA,
_c1994.
300 _a317 pages ;
_c20 cm
490 _aObras maestras de la literatura contemporánea ;
_v11.
520 _aLucas Corso es un detective de libros, un mercenario contratado para buscar ediciones raras para clientes adinerados y sin escrúpulos. Cuando un conocido bibliófilo aparece ahorcado, dejando tras de sí parte del manuscrito original de Los tres mosqueteros de Alexandre Dumas, Corso es convocado para autenticar el fragmento. Pronto se ve envuelto en una trama turbulenta que involucra culto al diablo, prácticas ocultistas y aventuras al estilo de capa y espada, entre un elenco de personajes que guardan una sospechosa semejanza con los de la obra maestra de Dumas. Con la ayuda de una misteriosa belleza que lleva el nombre de una heroína de Conan Doyle, Corso viaja de Madrid a Toledo y luego a París, en busca de un asesino siniestro y aparentemente omnisciente. Parte misterio, parte rompecabezas, parte ingenioso juego intertextual, El club Dumas es un thriller intelectual completamente original del autor de La tabla de Flandes y La piel del tambor.
520 _aLucas Corso is a book detective, a mercenary hired to hunt down rare editions for wealthy and unscrupulous clients. When a well-known bibliophile is found hanged, leaving behind part of the original manuscript of Alexandre Dumas's The Three Musketeers, Corso is brought in to authenticate the fragment. He is soon drawn into a swirling plot involving devil worship, occult practices, and swashbuckling derring-do among a cast of characters bearing a suspicious resemblance to those of Dumas's masterpiece. Aided by a mysterious beauty named after a Conan Doyle heroine, Corso travels from Madrid to Toledo to Paris in pursuit of a sinister and seemingly omniscient killer. Part mystery, part puzzle, part witty intertextual game, The Club Dumas is a wholly original intellectual thriller by the author of The Flanders Panel and The Seville Communion.
650 0 _aBook collectors
_vFiction
_924989
650 0 _aAntiquarians
_vFiction
_924990
655 0 _aAction and adventure fiction
_922721
942 _2lcc
999 _c4565
_d4565